Ochrana osobných údajov v školách a školských zariadeniach

Nové povinnosti škôl a školských zariadení, ktoré im vyplývajú z nového zákona č. 122/2013 Z. z. o ochrane osobných údajov, ktorý nahradil doterajší zákon č. 428/2002 Z. z., s účinnosťou od 1. júla 2013.

Salvato in:
Dettagli Bibliografici
Autore principale: Veverková, Ingrid
Natura: Capitolo di libro
Lingua:slovacco
Soggetti:
Tags: Aggiungi Tag
Nessun Tag, puoi essere il primo ad aggiungerne!!

MARC

LEADER 00000naa a2200000 4500
001 0175325
005 20231127102828.7
041 0 |a slo 
044 |a SK 
245 1 0 |a Ochrana osobných údajov v školách a školských zariadeniach  |c Ingrid Veverková 
520 |a Nové povinnosti škôl a školských zariadení, ktoré im vyplývajú z nového zákona č. 122/2013 Z. z. o ochrane osobných údajov, ktorý nahradil doterajší zákon č. 428/2002 Z. z., s účinnosťou od 1. júla 2013. 
610 2 0 |a ochrana údajov osobných 
610 2 0 |a ochrana práv občanov 
610 2 0 |a zákony 
610 2 0 |a úpravy právne 
610 2 0 |a školy 
610 2 0 |a zariadenia školské 
100 1 |a Veverková, Ingrid